000 00605nam a22002297a 4500
003 UA-OsUOA
001 88292
007 ta
008 20121003b un ||||| |||| 00| 0 ukr d
100 _aНикольский Н. М.
090 _a2(091)
_bН64
942 _cBK
040 _aUA-OsUOA
_brus
_cUA-OsUOA
_dUA-OsUOA
245 _aИзбранные произведения по истории религии
300 _a269 с.
955 _a1
041 _arus
080 _a2(091)
260 _aМ.
_bМысль
_c1974
650 7 _a2 Релігія. Теологія.
_2UDC
999 _c374255
_d374255